Catálogo
 En Linea

Avileños : (Registro nro. 41963)

Detalles MARC
000 -CABECERA
campo de control de longitud fija 00611nam a2200169 a 4500
001 - NÚMERO DE CONTROL
campo de control 000042474
005 - FECHA Y HORA DE LA ÚLTIMA TRANSACCIÓN
campo de control 20201002040158.0
008 - DATOS DE LONGITUD FIJA--INFORMACIÓN GENERAL
campo de control de longitud fija 131204s2007 sp o 000 0 spa d
020 ## - NÚMERO INTERNACIONAL ESTÁNDAR DEL LIBRO
Número Internacional Estándar del Libro 9788461180042
040 ## - FUENTE DE LA CATALOGACIÓN
Centro catalogador/agencia de origen DO-SdBNP
Lengua de catalogación spa
Centro/agencia transcriptor BNPHU
100 1# - ENTRADA PRINCIPAL--NOMBRE DE PERSONA
Nombre de persona Sanchidrián Gallego, Jesús Ma. J.
9 (RLIN) 69422
245 10 - MENCIÓN DE TÍTULO
Título Avileños :
Resto del título el trato de los animales de labor, fotografías /
Mención de responsabilidad, etc. Jesús Ma. J. Sanchidrián Gallego.
260 ## - PUBLICACIÓN, DISTRIBUCIÓN, ETC.
Lugar de publicación, distribución, etc. Piedra Caballera, España :
Nombre del editor, distribuidor, etc. Ávila,
Fecha de publicación, distribución, etc. 2007.
300 ## - DESCRIPCIÓN FÍSICA
Extensión 222 p. :
Otras características físicas fot. ;
Dimensiones 18 cm.
490 1# - MENCIÓN DE SERIE
Mención de serie Estampas de la tierra de Ávila
Designación de volumen o secuencia 5
830 #0 - PUNTO DE ACCESO ADICIONAL DE SERIE-TÍTULO UNIFORME
Título uniforme Estampas de la tierra de Ávila
Designación de volumen o secuencia 5
9 (RLIN) 69423
Existencias
Estado de retiro Estado de pérdida Restricciones de uso No para préstamo Código de colección Localización permanente Ubicación/localización actual Ubicación en estantería Fecha de adquisición Número de inventario Total de préstamos Signatura topográfica completa Código de barras Fecha visto por última vez Precio válido a partir de Tipo de ítem Koha
      Excluido de préstamo Monografías: Libros y Folletos General General En catalogación 04.12.2013 LF1   42474-10 25.06.2020 25.06.2020 No se presta

Con tecnología Koha